|
|
|
|
| LEADER |
00000nam0a2200000 4500 |
| 001 |
318514 |
| 005 |
20231102003102.0 |
| 035 |
|
|
|a (RuTPU)RU\TPU\book\344012
|
| 090 |
|
|
|a 318514
|
| 100 |
|
|
|a 20160427d1959 k y0rusy50 ca
|
| 101 |
0 |
|
|a rus
|
| 102 |
|
|
|a RU
|
| 105 |
|
|
|a a z 001zy
|
| 200 |
1 |
|
|a Оптика в установках для использования солнечной энергии
|f В. Б. Вейнберг
|
| 210 |
|
|
|a Москва
|c Оборонгиз
|d 1959
|
| 215 |
|
|
|a 236 с.
|c ил.
|
| 320 |
|
|
|a Библиогр.: с. 225-233
|
| 606 |
1 |
|
|a Солнечная энергия
|x Использование
|2 stltpush
|3 (RuTPU)RU\TPU\subj\55505
|9 73527
|
| 606 |
1 |
|
|a Гелиоустановки
|x Системы зеркал
|2 stltpush
|3 (RuTPU)RU\TPU\subj\5646
|9 33664
|
| 610 |
1 |
|
|a оптика
|
| 610 |
1 |
|
|a гелиотехника
|
| 610 |
1 |
|
|a ресурсы
|
| 610 |
1 |
|
|a солнечные установки
|
| 610 |
1 |
|
|a излучения
|
| 610 |
1 |
|
|a солнечные лучи
|
| 610 |
1 |
|
|a концентраторы
|
| 610 |
1 |
|
|a прозрачная изоляция
|
| 610 |
1 |
|
|a теплоносители
|
| 610 |
1 |
|
|a энергетический баланс
|
| 675 |
|
|
|a 621.472
|v 4
|
| 700 |
|
1 |
|a Вейнберг
|b В. Б.
|c выдающийся ученый, доктор технических наук, оптотехник
|c лауреат Государственной премии СССР
|f 1907-1981
|g Всеволод Борисович
|2 stltpush
|3 (RuTPU)RU\TPU\pers\22661
|9 9702
|
| 801 |
|
1 |
|a RU
|b 63413507
|c 20160427
|
| 801 |
|
2 |
|a RU
|b 63413507
|c 20171024
|g RCR
|
| 942 |
|
|
|c BK
|